| 000 | 004930000a22001930004500 | ||
|---|---|---|---|
| 001 | 001960 | ||
| 003 | MACL | ||
| 005 | 20150703151322.0 | ||
| 008 | 150703b xxu||||| |||| 00| 0 eng d | ||
| 040 |
_aMACL _cmacl |
||
| 041 | _aenglish | ||
| 082 | _a300/KRI | ||
| 100 |
_aKrishnaraj, Maithreyi _9481 |
||
| 245 |
_aGender, Population & Development _cMaithreyi Krishnaraj |
||
| 260 |
_aOxford University Press, _c2002 |
||
| 350 | _a250 | ||
| 650 |
_aSocial Science _929 |
||
| 942 |
_k300 _cBK _2ddc |
||
| 999 |
_c13876 _d13876 |
||